000 00488ntaaa2200181 4500
003 01
005 20251027202817.0
008 0714s1973 ag 01
040 _aAR-BaBN
_bspa
_cAR-BaBN
_eaacr
_dRIC
082 _a910.2000 W256
100 _aWard, Lock and Co.
_928484
245 _aA pictorial and descriptive guide to county Antrim, Londonderry, etc.
250 _a3 ed.
260 _aLondon :
_bWard, Lock and Co.,
_cs.f.
300 _axvi, 90 p
650 _ageografĂ­a
942 _cBK
999 _c23452
_d23452